EToH - Difficulties - Statistics

General Stats
  • This quiz has been taken 92 times
    73 since last reset
  • The average score is 18 of 34
Answer Stats
Hint Difficulty % Correct
Catastrophic
89%
Easy
89%
Hard
89%
Medium
89%
Challenging
85%
Difficult
85%
Remorseless
85%
Extreme
83%
Insane
83%
Intense
83%
Horrific
80%
nil
80%
Terrifying
80%
Unreal
80%
Effortless
59%
TooHard
59%
Old Remorseless's name Impossible
50%
Old Terrifying's name GODSPEED
46%
Gingerbread
43%
Teamwork and Event Realm towers difficulty Korn
39%
April Fools 2020 event difficulty Epic
35%
Thanos
35%
Old Intense's name Good Luck Buddy
33%
Old TooHard's name WHY
33%
Old Challenging's name Super Hard
30%
Old Difficult's name Very Hard
30%
Old Remorseless's name Eggplant
28%
One of The Forgotten Difficulties Crazy
24%
April Fools 2024 event difficulty Sisyphus
22%
Old Catastrophic's name Never Again
20%
Old nil's name DEATH
17%
Old TooHard's name literally gay
13%
April Fools 2021 event difficulty OooOOOoOOOOooo above catastrophic difficulty OoOOooOOoo
13%
Tower of Holy Moly's difficulty Allahmario
9%
No matching quizzes found
Score Distribution
Percent of People with Each Score
Percentile by Number Answered
Your Score History
You have not taken this quiz since the last reset